Το νέο πρότυπο για ποιότητα & ασφάλεια τροφίμων ISO 22000 : παρουσίαση & ερμηνεία : με στοιχεία ιχνηλασιμότητας - ανάλυσης αστοχίας & παρουσίαση της Ευρωπαϊκής νομοθεσίας για τα τρόφιμα

Αποθηκεύτηκε σε:
Λεπτομέρειες βιβλιογραφικής εγγραφής
Κύριος συγγραφέας: Αρβανιτογιάννης, Ιωάννης Σ.
Άλλοι συγγραφείς: Τζούρος, Νικόλαος Η.
Μορφή: Βιβλίο
Γλώσσα:Greek
Δημοσίευση: Αθήνα : Σταμούλης, c2006.
Θέματα:
Ετικέτες: Προσθήκη ετικέτας
Δεν υπάρχουν, Καταχωρήστε ετικέτα πρώτοι!

MARC

LEADER 00000nam a2200000 i 4500
001 1/60001
008 141119s2006 gre d
020 |a 9603516511  
035 |l 10119796 
040 |a GR-MY-UA  |b gre  |e aacr 
041 0 |a gre 
082 0 |a 363.1926   |2 (23)  
100 1 |a Αρβανιτογιάννης, Ιωάννης Σ. 
245 1 3 |a Το νέο πρότυπο για ποιότητα & ασφάλεια τροφίμων ISO 22000 :   |b παρουσίαση & ερμηνεία : με στοιχεία ιχνηλασιμότητας - ανάλυσης αστοχίας & παρουσίαση της Ευρωπαϊκής νομοθεσίας για τα τρόφιμα /   |c Ιωάννης Σ. Αρβανιτογιάννης, Νικόλαος Η. Τζούρος  
260 |a Αθήνα :   |b Σταμούλης,   |c c2006.  
300 |a 391 σ.;   |b εικ., πίν.;   |c 24 εκ.+   |e 1 οπτική δισκέτα λέιζερ H/Y (4 3/4 ίν.)  
500 |a "Η παρουσίαση της ευρωπαϊκής νομοθεσίας για τα τρόφιμα εμπεριέχεται σε CD" 
504 |a Περιλαμβάνει βιβλιογραφίες και ευρετήριο.  
650 0 0 |a Food industry and trade  |x Quality control. 
650 0 0 |a Hazard Analysis and Critical Control Point (Food safety system) 
650 0 0 |a Food  |x Safety measures  |z European Union countries. 
650 0 0 |a Food  |x Standards. 
700 1 |a Τζούρος, Νικόλαος Η. 
852 |a INST  |b LEMNOS  |e 20141119  |h 363.1926 ΑΡΒ  |p 005600001634  |q 005600001634  |t BK  |y 0 
852 |a INST  |b LEMNOS  |e 20141119  |h 363.1926 ΑΡΒ   |p 005600001633  |q 005600001633  |t BK  |y 0 
852 |a INST  |b LEMNOS  |c EUDOXUS  |e 20160524  |h 363.1926 ΑΡΒ  |p 005600001278  |q 005600001278  |t BK  |y 0 
852 |a INST  |b LEMNOS  |c EUDOXUS  |e 20160524  |h 363.1926 ΑΡΒ   |p 005600001277  |q 005600001277  |t BK  |y 0 
901 |a BIBL6-2014-3 
909 |a Μ  |b 190132 
920 |a Εύδοξος  |b Παραγγελία  |y Λήμνος-ΤΕΤΔ  |z 2016-05 
922 |a 6ΕΛΗ  |b 201407  |c ΤΑΚ/ΤΕΤΔ  |d ΙΩΑΝΝΙΔΟΥ 
970 |a ΜΟΣΧΟΒΗ  |b ΕΥΑΓΓΕΛΙΑ  |z 2014/11/19